| 000 | 00723nam a22002177a 4500 | ||
|---|---|---|---|
| 999 |
_c158174 _d158174 |
||
| 005 | 20181018162300.0 | ||
| 010 | _aENG-124330 | ||
| 020 |
_a9789353065799 _c499.00 |
||
| 035 | _aEN-107862 | ||
| 037 | _bDBAD/PUB | ||
| 082 | _a150.287 | ||
| 100 | _aMurphy, Kevin R. | ||
| 245 |
_aPsychological testing: _cby Kevin R. Murphy [and] Charles O. Davidshofer _bprinciples and applications / |
||
| 250 | _a6th ed. | ||
| 260 |
_aNoida _bPearson _c2019 |
||
| 270 |
_a15th Floor, Tower B, Worls Trade Tower, Plot No.1, Block -C _bNoida (UP) _e201301 |
||
| 300 |
_a486p. _c25cm.(pbk) _bill. |
||
| 500 | _aIt includes references and index | ||
| 700 | _a Davidshofer, Charles O. | ||
| 942 |
_2ddc _cEN _h150.28 _mMUR |
||